Statistics for Guess Countries By Jetpunk Letters

Click here to take the quiz!

General Stats

  • This quiz has been taken 22 times
  • The average score is 4 of 7

Answer Stats

QuestionsAnswer% Correct
EEthiopia
94%
JJordan
82%
UUganda
65%
KKenya
53%
TTogo
53%
NNamibia
47%
PPoland
41%

Score Distribution

Percentile by Number Answered

Percent of People with Each Score

Your Score History

You have not taken this quiz